Central Library OPAC University of Rajshahi

The Foseco foundryman's handbook : (Record no. 17321)

MARC details
000 -LEADER
fixed length control field 00824cam a22002531 4500
001 - CONTROL NUMBER
control field 17321
003 - CONTROL NUMBER IDENTIFIER
rucl marc code BD-RjUL
005 - DATE AND TIME OF LATEST TRANSACTION
control field 20211209000124.0
008 - FIXED-LENGTH DATA ELEMENTS--GENERAL INFORMATION
fixed length control field 140216r19691964enka 000 0 eng
035 ## - SYSTEM CONTROL NUMBER
System control number (BD-RjUL)17379
System control number (OCoLC)2160949
040 ## - CATALOGING SOURCE
Original cataloging agency DLC
Transcribing agency OClU
Modifying agency BD-RjUL
Language of cataloging eng
041 ## - LANGUAGE CODE
Language code of text/sound track or separate title eng
082 00 - DEWEY DECIMAL CLASSIFICATION NUMBER
Classification number 671.202
Author mark and year FOF 1969
110 2# - MAIN ENTRY--CORPORATE NAME
Corporate name or jurisdiction name as entry element Foseco International Limited.
Subordinate unit Information Department.
9 (RLIN) 53399
245 14 - TITLE STATEMENT
Title The Foseco foundryman's handbook :
Remainder of title facts, figures, and formulae /
Statement of responsibility, etc. Foseco International Limited.
250 ## - EDITION STATEMENT
Edition statement 7th ed., rev. and enl.
260 ## - PUBLICATION, DISTRIBUTION, ETC. (IMPRINT)
Place of publication, distribution, etc. Oxford ;
-- New York :
Name of publisher, distributor, etc. Pergamon Press,
Date of publication, distribution, etc. c1964 [Reprinted 1969].
300 ## - PHYSICAL DESCRIPTION
Pagination 387p. :
Illustrations illus. ;
Size 15cm.
650 #0 - SUBJECT ADDED ENTRY--TOPICAL TERM
Topical term or geographic name as entry element Founding
Form subdivision Handbooks, manuals, etc.
9 (RLIN) 53375
942 ## - ADDED ENTRY ELEMENTS (KOHA)
Source of classification or shelving scheme Dewey Decimal Classification
Koha item type Books
Holdings
Lost status Source of classification or shelving scheme Damaged status Not for loan Collection code Permanent Location Current Location Shelving location Date acquired Source of acquisition Cost, normal purchase price Total Checkouts Full call number Date last seen Copy number Koha item type
  Dewey Decimal Classification     Non-fiction Central Library, University of Rajshahi Central Library, University of Rajshahi   27/05/1970 Zeitlinger 23.00   671.202 FOF 1969 16/02/2014 C-2 Books